000 00680nam a2200241Ia 4500
003 OSt
005 20221005065708.0
006 a|||||r|||| 00| 0
007 ta
008 221004b |||||||| |||| 00| 0 eng d
024 _a18235
037 _bGift, 29/05/2015,
_cTextual
040 _aCRL
_cCRL
_beng
041 _2eng
_aeng
082 _aO142,3M68,1, 111J4
100 _aGorky M.
245 0 _aMother
_b A novel in two parts
260 _aMoscow
_bForeign Languages Pub Russia
_c1954
300 _a414p.
_ccm.
650 _aENGLISH LITERATURE
942 _hO142,3M68,1, 111J4
_cTEXL
_2cc
999 _c975017
_d975017